Pensadores pedagógicos contemporáneos

Uloženo v:
Podrobná bibliografie
Hlavní autor: De Hovre, Francisco (Autor)
Médium: Kniha
Jazyk:španělština
Vydáno: Madrid Fax 1951
Edice:Biblioteca de Filosofía y Pedagogía
Témata:
Tagy: Přidat tag
Žádné tagy, Buďte první, kdo vytvoří štítek k tomuto záznamu!

MARC

LEADER 00000nam a2200000 a 4500
001 UCZ9842
003 CL-VaPUC
008 960311e19510000SP |||||||||||||||||spa|d
082 0 4 |a 370.09  |b DEH  |2 21 
100 |a De Hovre, Francisco  |e author  |9 354768 
245 1 0 |a Pensadores pedagógicos contemporáneos 
300 |a 624 p 
942 |c BK 
945 |d 19960311 00:00:00  |a paguirre 
260 |a Madrid  |b Fax  |c 1951 
650 0 |a Historia de la educación   |9 257642 
650 0 |a Filosofía de la educación   |9 258384 
583 |a last modification  |c 20170925 04:40:54  |k Rodrigo Vera 
490 0 |a Biblioteca de Filosofía y Pedagogía 
999 |c 244900  |d 244898 
952 |0 0  |1 0  |4 0  |6 370_090000000000000_DEH_1951  |7 0  |8 P  |9 259167  |a BIBEDU  |b BIBEDU  |c BIBEDU_PB  |d 2019-11-19  |i 163044K  |o 370.09 DEH 1951  |p 163044K  |r 2024-01-25  |w 2019-11-19  |y BK  |k EDU